000 00393nam a22001697a 4500
003 MPLRDC
005 20220104114036.0
008 210129b ||||| |||| 00| 0 eng d
020 _a962-447-467-2
082 _a857.7 YQ v.131
100 _a严沁
245 _a渺渺情
_c
260 _a
_b勤加缘出版社
_c1995
300 _b
650 _a长篇小说
942 _cBK
_o857.7 YQ v.131
999 _c4356
_d4346